000 02082nab a2200253 i 4500
001 768714001
003 CO-MdFUSB
005 20240515142759.0
008 240515t1971 sp ||||| |||| 00| 0 spa d
040 _bspa
_cCO-MdFUSB
_dCO-MdFUSB
041 _aspa
100 _aLohff, Wenzel,
_eautor
245 _a¿Seguiría siendo el papa, todavía hoy, para Lutero el anticristo?
_c/ Wenzel Lohff ; traducido por G. Martínez Lerga
520 _aNo es posible dar una respuesta directa a la cuestión planteada en este artículo, pues la polémica de Lutero contra el papado, que culminó en la equiparación del papa con el anticristo, tuvo su origen en un conflicto dogmático muy concreto sobre el problema de las indulgencias y que posteriormente se amplió hacia una divergencia en los fundamentos mismos de la confesión de fe. Además, hay que situar este conflicto dentro de unos presupuestos históricos decisivos en el ámbito teológico y eclesial que no es posible volver a recomponer ni aun por medio de la interpretación histórica. Influyeron también no poco ciertos presupuestos biográficos, sobre todo la creciente acritud de la polémica de Lutero, en sus últimos años, en contra del papado (principalmente en el escrito Contra el papado de Roma, fundado por el diablo, de 1545), que sólo encuentra una explicación desde el endurecimiento progresivo de la lucha entre la Iglesia romana y las incipientes iglesias de la Reforma. Hoy día ha desaparecido ya de la situación eclesiástica el complejo de implicaciones políticas y político-eclesiásticas que servían de trasfondo a esta polémica.
650 7 _aIglesia
_9655
650 0 _a Ecumenismo
_xHistoria
_91146
650 0 _aAnticristo
_91093
650 0 _aProtestantismo
_9947
653 _aMartín Lutero
700 _aMartínez Lerga, G.,
_etraductor
773 0 _049450
_982631
_oR2554
_tRevista internacional de teología Concilium
_w(CO-MdFUSB)8
_x0210-1041
_gNúmero 64, (abril, 1971), páginas: 62 - 68
_qpágina: 62
942 _cANA
945 _aCatherine Arias Alvarez - Practicante SENA
999 _c69720
_d69720